000 00729nam a2200265 i 4500
003 DO-SdBNP
005 20250610134802.0
007 ta
008 250610b2013 dr ||||| |||| 00| 0 spa d
040 _aDO-SdBNP
_bspa
_cBNPHU
_erda
041 _hspa
082 2 _a707.4
_bV427b
_222
110 _9447
245 1 0 _a26 Bienal Nacional de Artes Visuales :
_bSanto Domingo 2011
264 _aSanto Domingo :
_bMuseo de Arte Moderno,
_c2013
300 _a251 páginas :
_bilustraciones
_c32 cm.
336 _2rdacontent
_atexto
_btxt
337 _2rdamedia
_asin mediación
_bn
338 _2rdacarrier
_avolumen
_bnc
590 _aInventariado, 2025/DG
651 _965459
651 _99303
910 _aDG
942 _2ddc
_cLBS1
999 _c59204
_d59204